00393nam a2200121Ia 4500008004100000082002000041100001800061245001200079260006100091300000900152630001800161650009200179211109s9999||||xx |||||||||||||| ||und|| a894.8123bKES-S aKesava Dev, P 0aSwapnam bSahitya Pravarthaka Co-Operative SocietyaKottayamc1967 a96p. xGeneral Stack aMalayalam LiteraturevMalayalam FictionMalayalam NovelMalayalam Shot StoriesxGeneralia